|
|
|
|
| LEADER |
02754nam a2200361 a 4500 |
| 001 |
16356 |
| 003 |
BD-DhAAL |
| 008 |
090520s2006 njua b 001 0 eng d |
| 999 |
|
|
|c 8549
|d 8549
|
| 010 |
|
|
|a \\2004011822
|
| 020 |
|
|
|a 9812531963
|
| 020 |
|
|
|a 0471478784 (alk. paper)
|
| 040 |
|
|
|a DNLM/DLC
|c DLC
|d DLC
|
| 082 |
0 |
0 |
|a 572.8/633/0285
|2 22
|
| 245 |
0 |
0 |
|a Bioinformatics :
|b a practical guide to the analysis of genes and proteins /
|c edited by Andreas D. Baxevanis, B.F. Francis Ouellette.
|
| 250 |
|
|
|a 3rd ed.
|
| 260 |
|
|
|a Hoboken, N.J. :
|b Wiley,
|c c2006.
|
| 300 |
|
|
|a xviii, 540 p. :
|b ill. (chiefly col.) ;
|c 29 cm.
|
| 504 |
|
|
|a Includes bibliographical references and index.
|
| 505 |
0 |
|
|a Sequence databases / Rolf Apweiler -- Mapping databases / Tara Matise and Peter S. White -- Information retrieval from biological databases / Andreas D. Baxevanis -- Genomic databases / Tyra Wolfsberg -- Predictive methods using DNA sequences / Roderic Guigó and Enrique Blanco -- Predictive methods using RNA sequences / Michael Zucker and David Mathews -- Sequence polymorphisms / James C. Mullikin and Stephen T. Sherry -- Predictive methods using protein sequences / Burkhard Rost and Yanay Ofran -- Protein structure prediction and analysis / David Wishart -- Intermolecular interactions and biological pathways / Gary D. Bader and Anton J. Enright -- Assessing pairwise sequence similarity: blast and fasta / Andreas D. Baxevanis -- Creation and analysis of protein multiple sequence alignments / Geoffrey J. Barton -- Sequence assembly and finishing methods / Gerard Bouffard, Nancy F. Hansen, and Pamela Jacques Thomas -- Phylogenetic analysis / Fiona S.L. Brinkman -- Computational approaches in comparative genomics / Andreas D. Baxevanis -- Microarray analysis / John Quackenbush -- Proteomics and protein identification / Michael Giddings, Mark R. Holmes, and Kevin Ramkissoon -- Using perl to facilitate biological analysis / Lincoln D. Stein.
|
| 541 |
1 |
|
|e 00016356
|
| 650 |
|
0 |
|a Bioinformatics.
|9 44971
|
| 650 |
1 |
2 |
|a Base Sequence.
|9 44972
|
| 650 |
1 |
2 |
|a Sequence Analysis
|x methods.
|9 44973
|
| 650 |
2 |
2 |
|a Computational Biology
|x methods.
|9 44974
|
| 650 |
2 |
2 |
|a Databases, Genetic.
|9 44975
|
| 650 |
2 |
2 |
|a Pharmacy.
|9 44976
|
| 700 |
1 |
|
|a Baxevanis, Andreas D.
|9 44977
|
| 700 |
1 |
|
|a Ouellette, B. F. Francis.
|9 44978
|
| 852 |
4 |
|
|a Ayesha Abed Library
|c General Stacks
|
| 942 |
|
|
|2 ddc
|c BK
|
| 952 |
|
|
|0 0
|1 0
|2 ddc
|4 0
|6 572_863302850000000_BIO_2006
|7 0
|9 10144
|a BRACUL
|b BRACUL
|c GEN
|d 2010-05-16
|l 12
|m 100
|o 572.86330285 BIO
|p 3010016356
|r 2026-02-24
|s 2025-12-01
|t 1
|w 2010-05-16
|y BK
|
| 952 |
|
|
|0 0
|1 0
|2 ddc
|4 0
|6 572_863302850000000_BIO_2006
|7 0
|9 10145
|a BRACUL
|b BRACUL
|c GEN
|d 2010-05-16
|l 13
|m 123
|o 572.86330285 BIO
|p 3010016355
|r 2026-02-05
|s 2026-02-01
|t 2
|w 2010-05-16
|y BK
|